000 00473cam a2200205ua 4500
001 7887
005 20260515114251.0
008 141230n ii |||gr||||Z||||||hin
040 _cMAIN
041 _ahin
082 _a920
100 _aMachve, P.,
_eAuthor.
245 1 _aAgyeya
_cBy Prabhakar Machve
250 _a1st.
260 _aDelhi:
_bRajpal,
_c1991.
300 _a103p.
653 _aBiography, genealogy & insignia
653 _aHindi biography
942 _cBK
999 _c7002
_d7002